[Event "Heraklion op 27th"]
[Site "Heraklion"]
[Date "2019.09.09"]
[Round "8"]
[White "Koutsaftis, Efstratios"]
[Black "Fasching, Markus"]
[Result "0-1"]
[WhiteElo "1611"]
[BlackElo "2029"]
[PlyCount "68"]
[EventDate "2019.09.03"]
[EventType "swiss"]
[EventRounds "9"]
[EventCountry "GRE"]
[SourceTitle "EXT 2020"]
[Source "ChessBase"]
[SourceDate "2019.10.17"]
[SourceVersion "1"]
[SourceVersionDate "2019.10.17"]
[SourceQuality "1"]

1. d4 d5 2. c4 e6 3. Nf3 Nf6 4. g3 Be7 5. Bg2 0-0 6. 0-0 dxc4 7. Qc2 b5 8. Ne5 Nd5 9. a4 c6 10. axb5 cxb5 11. Nc3 f6 12. Ng4 Qd7 13. Be4 Nxc3 14. Bxa8 Nd5 15. Bxd5 exd5 16. f3 Nc6 17. e3 a5 18. Bd2 Qc7 19. Nf2 Bd6 20. Kg2 g6 21. Rfd1 Re8 22. g4 f5 23. g5 f4 24. e4 Nxd4 25. Qc3 Nb3 26. exd5 b4 27. Qc2 Bf5 28. Ne4 Bxe4 29. fxe4 f3+ 30. Kf1 Nxa1 31. Rxa1 Bxh2 32. Qa4 Qc8 33. Kf2 Rxe4 34. Re1 Bg3+ 0-1

[Event "Heraklion op 27th"]
[Site "Heraklion"]
[Date "2019.09.04"]
[Round "2"]
[White "Koutsaftis, Efstratios"]
[Black "Moiseenko, Vadim"]
[Result "0-1"]
[WhiteElo "1611"]
[BlackElo "2543"]
[PlyCount "88"]
[EventDate "2019.09.03"]
[EventType "swiss"]
[EventRounds "9"]
[EventCountry "GRE"]
[SourceTitle "EXT 2020"]
[Source "ChessBase"]
[SourceDate "2019.10.17"]
[SourceVersion "1"]
[SourceVersionDate "2019.10.17"]
[SourceQuality "1"]

1. d4 d5 2. c4 e6 3. Nc3 Nf6 4. Bg5 dxc4 5. e4 h6 6. Bxf6 Qxf6 7. Bxc4 Bb4 8. Nf3 c5 9. 0-0 cxd4 10. Qxd4 Qxd4 11. Nxd4 Ke7 12. a3 Bxc3 13. bxc3 Bd7 14. Rfb1 b6 15. Bf1 Rc8 16. c4 Na6 17. Nb5 Nc5 18. f3 Nb7 19. a4 Rc5 20. Kf2 g6 21. Ke3 Rh5 22. h3 Rc5 23. f4 Na5 24. Rb4 Nc6 25. Rb2 g5 26. g3 Rg8 27. Rd1 gxf4+ 28. gxf4 Na5 29. Rb4 Nc6 30. Rb2 Be8 31. Kf2 f6 32. a5 Nxa5 33. Nxa7 Nxc4 34. Bxc4 Rxc4 35. Rxb6 Rc2+ 36. Kf1 Rg3 37. Rb7+ Kf8 38. Nb5 Rxh3 39. Kg1 Rg3+ 40. Kh1 Rc5 41. Kh2 Rg8 42. f5 Rxb5 43. Rxb5 Bxb5 44. fxe6 Ke7 0-1

[Event "Heraklion op 24th"]
[Site "Heraklion"]
[Date "2018.09.08"]
[Round "7"]
[White "Fragiadakis, Emanouel"]
[Black "Koutsaftis, Efstratios"]
[Result "1-0"]
[WhiteElo "1784"]
[BlackElo "1648"]
[PlyCount "57"]
[EventDate "2018.09.03"]
[EventType "swiss"]
[EventRounds "9"]
[EventCountry "GRE"]
[SourceTitle "CBM 186 Extra"]
[Source "ChessBase"]
[SourceDate "2018.08.24"]
[SourceVersion "1"]
[SourceVersionDate "2018.08.24"]
[SourceQuality "1"]

1. d4 Nf6 2. Bf4 d5 3. e3 e6 4. Nd2 Bd6 5. Bg3 Ne4 6. Nxe4 dxe4 7. Qg4 0-0 8. Qxe4 f5 9. Qd3 b6 10. Be2 Bb7 11. Bf3 Bxf3 12. Nxf3 Nd7 13. Qc4 Qe8 14. Qc6 Rc8 15. 0-0-0 Qe7 16. Ne5 Nb8 17. Qb7 a5 18. Nc4 Bxg3 19. hxg3 Qb4 20. Ne5 a4 21. Rd3 Qa5 22. c4 Qb4 23. d5 Qd6 24. f4 exd5 25. Rxd5 Qb4 26. a3 Qb3 27. Rd3 Qa2 28. Qd5+ Kh8 29. Ng6# 1-0

[Event "Heraklion op 24th"]
[Site "Heraklion"]
[Date "2018.09.04"]
[Round "2"]
[White "Lirindzakis, Timotheos"]
[Black "Koutsaftis, Efstratios"]
[Result "1/2-1/2"]
[WhiteElo "2143"]
[BlackElo "1648"]
[PlyCount "60"]
[EventDate "2018.09.03"]
[EventType "swiss"]
[EventRounds "9"]
[EventCountry "GRE"]
[SourceTitle "CBM 186 Extra"]
[Source "ChessBase"]
[SourceDate "2018.08.24"]
[SourceVersion "1"]
[SourceVersionDate "2018.08.24"]
[SourceQuality "1"]

1. d4 Nf6 2. c4 e6 3. Nc3 Bb4 4. Qc2 c5 5. dxc5 0-0 6. a3 Bxc3+ 7. Qxc3 Ne4 8. Qc2 f5 9. Nf3 Nxc5 10. e3 b6 11. Be2 Bb7 12. 0-0 d6 13. b3 Qe7 14. Bb2 e5 15. Nd2 Qg5 16. g3 Qh6 17. f4 Nbd7 18. Bf3 Bxf3 19. Nxf3 e4 20. Nd4 Nd3 21. Bc3 Rac8 22. Qd2 N7c5 23. Rab1 Ne6 24. Ne2 Rfd8 25. Qa2 Kh8 26. Ba1 d5 27. cxd5 Rxd5 28. b4 Rd7 29. Rbd1 Rdc7 30. Rd2 Qg6 1/2-1/2

[Event "Heraklion op 21st"]
[Site "Heraklion"]
[Date "2017.09.04"]
[Round "2"]
[White "Fragiadakis, Emanouel"]
[Black "Koutsaftis, Efstratios"]
[Result "1/2-1/2"]
[WhiteElo "1844"]
[BlackElo "1442"]
[PlyCount "57"]
[EventDate "2017.09.03"]
[EventType "swiss"]
[EventRounds "9"]
[EventCountry "GRE"]
[SourceTitle "CBM 180 Extra"]
[Source "ChessBase"]
[SourceDate "2017.10.06"]
[SourceVersion "1"]
[SourceVersionDate "2017.10.06"]
[SourceQuality "1"]

1. d4 Nf6 2. Bf4 e6 3. e3 b6 4. h3 Bb7 5. Nf3 Be7 6. Nbd2 0-0 7. Bd3 d5 8. Ne5 Nbd7 9. Qe2 Nxe5 10. Bxe5 c5 11. c3 Re8 12. Nf3 Ne4 13. 0-0 Bd6 14. Rfd1 cxd4 15. exd4 Qc7 16. Rac1 Bxe5 17. dxe5 Nc5 18. b4 Nxd3 19. Qxd3 Qe7 20. a3 Rac8 21. Nd4 Bc6 22. c4 dxc4 23. Rxc4 Bd5 24. Rc2 Qg5 25. Qg3 Qxg3 26. fxg3 Rxc2 27. Nxc2 Bb3 28. Rd2 Bxc2 29. Rxc2 1/2-1/2

[Event "Heraklion op 19th"]
[Site "Heraklion"]
[Date "2017.01.06"]
[Round "6"]
[White "Koutsaftis, Efstratios"]
[Black "Spirou, Gerasimos"]
[Result "1/2-1/2"]
[WhiteElo "1315"]
[BlackElo "1704"]
[PlyCount "85"]
[EventDate "2017.01.02"]
[EventType "swiss"]
[EventRounds "9"]
[EventCountry "GRE"]
[SourceTitle "CBM 176 Extra"]
[Source "ChessBase"]
[SourceDate "2017.03.02"]
[SourceVersion "1"]
[SourceVersionDate "2017.03.02"]
[SourceQuality "1"]

1. e4 e5 2. Nf3 d6 3. d4 exd4 4. Nxd4 Nf6 5. Nc3 g6 6. Bg5 Bg7 7. Nd5 Nbd7 8. Nb5 0-0 9. Nbxc7 Rb8 10. Qf3 Ne5 11. Nxf6+ Kh8 12. Qf4 Qxc7 13. Qh4 h5 14. c3 Ng4 15. Be2 Nxf6 16. Bxf6 Kg8 17. Rd1 Re8 18. Bxg7 Kxg7 19. Qf4 Re5 20. 0-0 Be6 21. Rd4 b5 22. Rfd1 g5 23. Qg3 h4 24. Qd3 Bxa2 25. Rxd6 Rbe8 26. Qd4 R8e7 27. Bxb5 Bb3 28. Ra1 f6 29. Rd7 Rxd7 30. Bxd7 a5 31. f3 Re7 32. Ba4 Bxa4 33. Qxa4 Qb6+ 34. Kf1 Qxb2 35. Qxa5 Rd7 36. Qa8 Qxc3 37. h3 Kh7 38. Kg1 Qb2 39. Kh2 Qe5+ 40. Kh1 Qc3 41. Ra7 Qe1+ 42. Kh2 Qg3+ 43. Kh1 1/2-1/2

[Event "Heraklio SOI op 11th"]
[Site "Heraklion"]
[Date "2014.04.21"]
[Round "1"]
[White "Bielby, Paul R"]
[Black "Koutsaftis, Efstratios"]
[Result "1-0"]
[WhiteElo "1890"]
[BlackElo "1015"]
[PlyCount "49"]
[EventDate "2014.04.21"]
[EventType "swiss"]
[EventRounds "7"]
[EventCountry "GRE"]
[SourceTitle "EXT 2024"]
[Source "ChessBase"]
[SourceDate "2023.10.10"]
[SourceVersion "1"]
[SourceVersionDate "2023.10.10"]
[SourceQuality "1"]

1. e4 e5 2. f4 exf4 3. Bc4 Qh4+ 4. Kf1 Bc5 5. d4 Be7 6. Nc3 Nf6 7. Nf3 Qh5 8. Bxf4 d6 9. Qd3 Nc6 10. Re1 Nb4 11. Qd2 Bg4 12. Kf2 Nxc2 13. Qxc2 Bxf3 14. gxf3 Qh4+ 15. Bg3 Qh5 16. e5 Nd7 17. exd6 cxd6 18. Qe4 0-0 19. Qxe7 Qf5 20. Qe4 Qg5 21. h4 Qd2+ 22. Re2 Qh6 23. Nd5 Rfe8 24. Qxe8+ Rxe8 25. Rxe8+ 1-0